000 00337nam a2200145Ia 4500
100 _aScheid francis
942 _cBK
654 _anumerical analysis
245 _a2000 solved probems in numerical analysis
260 _bMc Graw Hill
_aSingapore
_c1990
082 _a519.4076
_bSCH
300 _a698
546 _aENGLISH
999 _c28322
_d28322